000 00516cam a22001457a 4500
008 180718b1952 xxu||||| |||| 00| 0 eng d
082 _aI5516x73 In8c
100 _aArnow, Kathryn Smul
245 _aAttack on the cost of living index
_cby Kathryn Smul Arnow
260 _aNew York
_bPolygraphic Company of America
_c1952
300 _a779-853p
440 _aOPAC case studies
500 _aInter-university case program: cases in public administration and policy formation
650 _aInter-university case program
999 _c500377
_d500377